Equipos del fútbol alemán con imágenes - Estadísticas

Estadísticas generales
  • Esta prueba ha sido intentada 12 veces
  • La puntuación promedio es 18 de 35
Estadísticas de respuestas
Imagen Respuesta % Correcto
Bayern de Múnich
100%
Bayer Leverkusen
90%
Borussia Dortmund
90%
RB Leipzig
90%
Eintracht Fráncfort
80%
Friburgo
80%
Schalke 04
80%
Wolfsburgo
80%
Augsburgo
70%
Borussia Mönchengladbach
70%
FC Colonia
70%
Hamburgo
70%
Stuttgart
70%
Union Berlin
70%
Mainz 05
60%
Werder Bremen
60%
1899 Hoffenheim
50%
Núremberg
50%
Sankt Pauli
50%
Hannover 96
40%
1860 Múnich
30%
Alemannia Aachen
30%
Arminia Bielefeld
30%
Eintracht Brunswick
30%
Fortuna Dusseldorf
30%
Greuther Fürth
30%
Hansa Rostock
30%
Hertha Berlín
30%
Holstein Kiel
30%
Kaiserslautern
30%
Karlsruher SC
30%
MSV Duisburgo
30%
Bochum
20%
Darmstadt 98
20%
Dynamo Dresden
20%
No se encontraron pruebas coincidentes
Distribución de puntuación
Porcentaje de gente con cada puntuación
Porcentaje por número respondido
Historial de tus puntuaciones
No has intentado esta prueba.